000 00690nam a2200193Ia 4500
003 GCL
008 140319s9999 xx 000 0 ara d
040 _aGCL /
_cGCL
082 0 4 _a347
_bم ا
100 1 _aمصطفى مجدى هرجة
245 1 0 _aاوامر الاداء فى ضوء الفقه والقضاء واشكالات التنفيذية والصيح القانونية /
_cمصطفى مجدى هرجة
260 _a[S.N] :
_bمنشاة المعارف الاسلامية ،
_c1988
300 _a211 ص
490 _aالكتب القانونية
_v0
650 0 4 _aالقانون
650 0 4 _aقانون المرافعات
650 0 4 _aالقاطرات
942 _2ddc
_cBK
999 _c54708
_d54708